| 000 | 00706nam a2200241Ia 4500 | ||
|---|---|---|---|
| 005 | 20260430150030.0 | ||
| 008 | 008 250103s9999 xx 000 0 eng d | ||
| 037 | _aTheses | ||
| 040 | _aCRL | ||
| 040 | _beng | ||
| 040 | _ceng | ||
| 041 | _2eng | ||
| 041 | _aeng | ||
| 084 | _qCRL | ||
| 100 |
_aChoudhary R.B. Azad Choudhary Au.; Jain Shalin Gu. _91236251 |
||
| 245 | 0 | _aLosgistical interface between economy and conquest: Tradition and Transition in the logistics of Indian warfare, 1556-1800 | |
| 260 | _c2022 | ||
| 300 | _a438p. | ||
| 650 | _aHistory | ||
| 700 |
_aUniversity of Delhi. Faculty of Social Science. Deptt of History _91236245 |
||
| 942 | _cTH | ||
| 999 |
_c1848778 _d1848778 |
||